Loading...
| Fine Arts - Painting and Sculpture | 0 | 4 | 0 | 2 | 40 | 98 | 110.25 | 0 | 3 | 0.85 | 16.00 |
| History - World | 0 | 4 | 2 | 2 | 30 | 92 | 97.00 | 1 | 2 | 3.74 | 24.00 |
| Science - Other | 0 | 3 | 0 | 1 | 30 | 73 | 79.33 | 0 | 2 | 8.91 | 16.00 |
| History - American | 0 | 3 | 0 | 1 | 30 | 70 | 78.33 | 1 | 2 | 7.74 | 18.00 |
| Science - Chemistry | 0 | 3 | 0 | 0 | 30 | 56 | 77.33 | 1 | 3 | 9.67 | 24.00 |
| Science - Biology | 0 | 3 | 1 | 2 | 25 | 75 | 80.33 | 0 | 2 | 7.50 | 14.00 |
| Science - Physics | 0 | 3 | 1 | 0 | 25 | 84 | 86.67 | 1 | 2 | 5.64 | 18.00 |
| Religion | 0 | 2 | 0 | 0 | 20 | 58 | 73.50 | 1 | 2 | 5.95 | 16.00 |
| Geography | 0 | 2 | 0 | 1 | 20 | 96 | 101.00 | 0 | 2 | 5.10 | 28.00 |
| Popular Culture | 0 | 1 | 0 | 1 | 10 | 96 | 96.00 | 0 | 0 | 2.36 | 2.86 |
| Current Events | 0 | 1 | 0 | 0 | 10 | 109 | 109.00 | 0 | 0 | 0.00 | 5.00 |
| Fine Arts - Classical Music | 0 | 1 | 0 | 1 | 10 | 114 | 114.00 | 0 | 1 | 1.09 | 6.00 |
| Fine Arts - Other | 0 | 1 | 0 | 1 | 10 | 114 | 114.00 | 0 | 0 | 0.00 | 2.00 |
| History - Other | 0 | 1 | 0 | 0 | 10 | 105 | 105.00 | 0 | 1 | 0.95 | 8.00 |
| Literature - American | 0 | 1 | 0 | 1 | 10 | 112 | 112.00 | 0 | 1 | 0.09 | 4.00 |
| Literature - British | 0 | 1 | 0 | 0 | 10 | 111 | 111.00 | 0 | 1 | 0.43 | 4.00 |
| Literature - World | 0 | 1 | 0 | 0 | 10 | 119 | 119.00 | 0 | 1 | 0.08 | 8.00 |
| Mythology | 0 | 1 | 0 | 1 | 10 | 101 | 101.00 | 0 | 0 | 0.82 | 2.00 |
| Philosophy | 0 | 1 | 0 | 0 | 10 | 110 | 110.00 | 0 | 1 | 0.00 | 5.71 |
| Literature - European | 0 | 0 | 0 | 0 | 0 | 0.00 | 0 | 0 | 0.00 | 0.00 |